000 00619nam a22001937a 4500
999 _c180495
_d180495
005 20210810144612.0
010 _aENG-129736
020 _a9789354491160
_c450.00
035 _aEN-113268
037 _bDBAD/PUB
082 _a070.4
100 _aChawla, Abhay
245 _aNew media and online journalism:
_bhandbook for media studies /
_cby Abhay Chawla
260 _aNoida
_bPearson
_c2021
270 _a15th Floor, Tower-B, World Trade Tower, Plot No.1, Block-C, Sector-16
_bNoida
_e201301
300 _axi, 352p.:
_c22cm(pbk)
_bill.
500 _ainclude index
942 _2ddc
_cEN
_h070.4
_mCHA